| 000 | 00379nam a22001337a 4500 | ||
|---|---|---|---|
| 082 |
_a342.739 _bANW |
||
| 100 | _aAnwar Sohail | ||
| 245 |
_aThe American Constitution Laws/ _cSohail Anwar |
||
| 250 | _aEdition-2021 | ||
| 260 |
_aLahore, _bA1-Sayed Law Book House _c2021. |
||
| 300 |
_a96,p. _c25,cm. |
||
| 650 |
_aThe American Constitution Laws _9127981 |
||
| 942 |
_2ddc _cBK |
||
| 999 |
_c612974 _d612974 |
||